书目信息 |
| 题名: |
晶体管继电保护基础
|
|
| 作者: | ;北京电力器材二厂 , 北京电力学校 编 | |
| 分册: | ||
| 出版信息: | 北京 水力电力出版社 1973 |
|
| 页数: | 388页 | |
| 开本: | 20cm | |
| 丛书名: | ||
| 单 册: | ||
| 中图分类: | TM581.8 | |
| 科图分类: | ||
| 主题词: | 继电保护-晶体管 , 继电器 , 晶体管-继电保护 | |
| 电子资源: | ||
| ISBN: | ||
| 000 | 00792nam0 2200265 45 | |
| 001 | 0181003827 | |
| 005 | 20051110143347.43 | |
| 010 | @dCNY1.00 | |
| 091 | @a15143.3046 | |
| 100 | @a19950623d1973 em y0chiy0121 ea | |
| 101 | 0 | @achi |
| 102 | @aCN@b110000 | |
| 105 | @ay z 000yy | |
| 200 | 10 | @a晶体管继电保护基础@AJing Ti Guan Ji Dian Bao Hu Ji Chu@f北京电力器材二厂,北京电力学校编@FBei Jing Dian Li Qi Cai Er Chang,Bei Jing Dian Li Xue Xiao Bian |
| 210 | @a北京@c水力电力出版社@d1973 | |
| 215 | @a388页@d20cm | |
| 606 | @a继电保护-晶体管 | |
| 606 | 0 | @a继电器 |
| 606 | @a晶体管-继电保护 | |
| 690 | @aTM581.8 | |
| 711 | 02 | @a北京电力器材二厂@4编 |
| 711 | 02 | @a北京电力学校@4编 |
| 801 | 2 | @aCN@bNLC@c20051110 |
| 801 | 0 | @aCN@b上海图书馆@c20040521 |
| 905 | @f1@b8837@dTM581.8@e3 | |
| 晶体管继电保护基础/北京电力器材二厂,北京电力学校编.-北京:水力电力出版社,1973 |
| 388页;20cm |
| ISBN :CNY1.00 |
| ● |
| 相关链接 |
|
|
|
|
正题名:晶体管继电保护基础
索取号:TM581.8/3
 
预约/预借
| 序号 | 登录号 | 条形码 | 馆藏地/架位号 | 状态 | 备注 |
| 1 | 0008831 | 001345388 | 第二样本阅览室/ [索取号:TM581.8/3] | 在馆 | |
| 2 | 0008832 | 202138043 | 密集书库/ [索取号:TM581.8/3] | 在馆 | |
| 3 | 0008833 | 202138007 | 密集书库/ [索取号:TM581.8/3] | 在馆 | |
| 4 | 0008834 | 202138089 | 密集书库/ [索取号:TM581.8/3] | 在馆 | |
| 5 | 0008837 | 001345342 | 第三借阅区/ [索取号:TM581.8/3] | 在馆 |